000 00444nam a2200181Ia 4500
001 11678
005 20260306162845.0
008 260306t2006||||xx |||||||||||||| ||spa||
041 _aESP
082 _a987
_bF331
100 _aFebres,Laura
_eAUT
245 2 _aA los amigos invisibles:
_bVisiones de Arturo Uslar Pietri
260 _c2006
300 _a254páginas :
_c22cm.
650 _aGEN
654 _aCHU
942 _cLIB
_dJUS
_fJUS
_2ddc
_n
999 _c11678
_d11678